MARC details
| 000 -CABECERA |
| campo de control de longitud fija |
01605nam a2200265zi 4500 |
| 001 - NÚMERO DE CONTROL |
| campo de control |
991025388794707026 |
| 003 - IDENTIFICADOR DEL NÚMERO DE CONTROL |
| campo de control |
UkOxU |
| 007 - CAMPO FIJO DE DESCRIPCIÓN FÍSICA--INFORMACIÓN GENERAL |
| campo de control de longitud fija |
ta |
| 008 - DATOS DE LONGITUD FIJA--INFORMACIÓN GENERAL |
| campo de control de longitud fija |
221129e202303uuxxk g |||||||0|f eng|d |
| 020 ## - NÚMERO INTERNACIONAL ESTÁNDAR DEL LIBRO |
| Número Internacional Estándar del Libro |
9781837860067 (pbk.) : |
| Condiciones de disponibilidad |
Đ9.99 |
| 035 ## - NÚMERO DE CONTROL DEL SISTEMA |
| Número de control de sistema |
(UK-WkNB)9781837860067 |
| 035 ## - NÚMERO DE CONTROL DEL SISTEMA |
| Número de control de sistema |
(StEdALDL)1/4265900 |
| 040 ## - FUENTE DE LA CATALOGACIÓN |
| Centro catalogador/agencia de origen |
UK-WkNB |
| Lengua de catalogación |
eng |
| Centro/agencia transcriptor |
UK-WkNB |
| Normas de descripción |
rda |
| Centro/agencia modificador |
UkOxU |
| 100 ## - ENTRADA PRINCIPAL--NOMBRE DE PERSONA |
| Nombre de persona |
RuNyx, |
| Término indicativo de función/relación |
author. |
| 9 (RLIN) |
25032 |
| 245 10 - MENCIÓN DE TÍTULO |
| Título |
Gothikana |
| Mención de responsabilidad, etc. |
/ RuNyx. |
| 264 #1 - PRODUCCIÓN, PUBLICACIÓN, DISTRIBUCIÓN, FABRICACIÓN Y COPYRIGHT |
| Nombre del de productor, editor, distribuidor, fabricante |
Rebellion Publishing Ltd., |
| Fecha de producción, publicación, distribución, fabricación o copyright |
2023. |
| 264 #2 - PRODUCCIÓN, PUBLICACIÓN, DISTRIBUCIÓN, FABRICACIÓN Y COPYRIGHT |
| Producción, publicación, distribución, fabricación y copyright |
GB : |
| Nombre del de productor, editor, distribuidor, fabricante |
HarperCollins Distribution Services, |
| Fecha de producción, publicación, distribución, fabricación o copyright |
[date of distribution not identified] |
| 300 ## - DESCRIPCIÓN FÍSICA |
| Dimensiones |
400 pages |
| 520 ## - SUMARIO, ETC. |
| Sumario, etc. |
Corvina Clemm is a woman with secrets. The last thing she expects to receive is an admission letter from the University of Verenmore, a place just as secretive.<br/><br/>A castle atop a mountain, Verenmore is steeped in shadows, deceit and death, a place where students have been disappearing every five years for over a century. As Corvina becomes caught up in unravelling the clues to solve the mystery, her path collides with Vad Deverell, her enigmatic professor.<br/><br/>Vad, too, is a man with secrets. And he cannot allow Corvina to get close enough to discover what he hides. But whenever she is near, his heart and soul yearn to possess her.<br/><br/>As Corvina and Vad become more and more entangled, their passion for each other could be the very thing to solve the mystery of Verenmore - or it could bring them both down in flames. |
| 650 #0 - PUNTO DE ACCESO ADICIONAL DE MATERIA--TÉRMINO DE MATERIA |
| Término de materia o nombre geográfico como elemento de entrada |
Fantasy |
| 9 (RLIN) |
11322 |
| 650 #0 - PUNTO DE ACCESO ADICIONAL DE MATERIA--TÉRMINO DE MATERIA |
| Término de materia o nombre geográfico como elemento de entrada |
Romantic suspense fiction. |
| 9 (RLIN) |
22937 |
| 650 #0 - PUNTO DE ACCESO ADICIONAL DE MATERIA--TÉRMINO DE MATERIA |
| Término de materia o nombre geográfico como elemento de entrada |
Dark Romance |
| 9 (RLIN) |
25033 |
| 655 #0 - TÉRMINO DE INDIZACIÓN--GÉNERO/FORMA |
| Datos o término principal de género/forma |
Romantasy |
| 9 (RLIN) |
25034 |
| 942 ## - ELEMENTOS DE ENTRADA AGREGADA (KOHA) |
| Fuente del sistema de clasificación o colocación |
Clasificación de Library of Congress |